00436nam a2200157Ia 4500008004100000020000700041082001400048100002400062245004700086250000700133260004300140300002900183500000700212600003300219650002600252240925s9999 xx 000 0 und d aNA a954.9 NAJ aNajmi ,Safdar Ali 0aQuaid-E-Azam ka Taswer Taleem or Pakistan  aNA aKarachi:bUniversal Publishersc,2001. axxix,733p.bNAfOriginal aNA aHumanities & Natural Science aHistory and Geography